00298nam a2200109 a 450000500170000000800410001705000180005824500270007626000410010330000230014465000210016720140412111330.0030116s19uu xx 00 eng d aERbMy99 1991 aMy first book of toys. aU.K :bPeter Haddock Limited,c1991. a1 v. (unp.) ; ill. aChildren stories